Statistics for RB Leipzig - Tottenham Hotspur Champions League 2019-20

Click here to take the quiz!

General Stats

  • This quiz has been taken 14 times
  • The average score is 17 of 29

Answer Stats

Player % Correct
Hugo Lloris
100%
Péter Gulácsi
93%
Timo Werner
93%
Dele Alli
93%
Toby Alderweireld
93%
Lucas Moura
86%
Julian Nagelsmann
79%
Serge Aurier
79%
José Mourinho
79%
Marcel Sabitzer ²
79%
Dayot Upamecano
79%
Eric Dier
71%
Angeliño
64%
Harry Winks
64%
Lukas Klostermann
57%
Christopher Nkunku
57%
Patrik Schick
50%
Erik Lamela
50%
Giovani Lo Celso
50%
Emil Forsberg ¹
43%
Nordi Mukiele
43%
Marcel Halstenberg
43%
Ryan Sessegnon
36%
Japhet Tanganga
29%
Konrad Laimer
21%
Malachi Fagan-Walcott
21%
Tyler Adams
14%
Amadou Haidara
7%
Gedson Fernandes
7%

Score Distribution

Percentile by Number Answered

Percent of People with Each Score

Your Score History

You have not taken this quiz